000 00780cam a2200253 a 4500
003 OSt
005 20260417020004.0
008 020919s2003 nyua 001 0 eng
020 _a9781119770671
020 _a9781119770698
_qePub
020 _a978111977069
_qePdf
040 _aKABLIB
_cKABLIB
_beng
082 0 0 _a515
_223
_bSAL
100 1 _aSalas, Saturnino L.
_92835
245 1 0 _aCalculus :
_bone and several variables.
_cSaturnino L.Salas, Einar Hille, Garret, J. Etgen
250 _a10th ed. /
_bSalas, Hille, Etgen.
260 _aNew York :
_bJ. Wiley & Sons,
_cc2021.
300 _ax, 1039 p. :
_bcol. ill. ;
_c28 cm.
500 _aIncludes index.
650 0 _aCalculus.
700 1 _aHille, Einar,
_92836
700 1 _aEtgen, Garret J.,
_915052
942 _2ddc
_cBOOK
_01
999 _c5970
_d5970